000 00515pam a2200193 a 4500
020 _a0721604358
_c4305.60
041 _aeng
_hNULL
082 _a618.3
_bBUR/DUF/CO
100 _aBURROW, G .
245 _aMEDICAL COMPLICATIONS DURING PREGENANCY /
_cNULL.
_hTextual Documents
250 _a /
_b.
260 _aNULL :
_bSAUNDERS ,
_c2004.
300 _a565 :
_bxiv ;
_cNULL .
365 _a4305.60
700 _aDUFFY, T .
_aCOPEL, J .
930 _a738
999 _c795274
_d795274
650 _aOBST.GYNE